1834 1941 1186 1701 1630 1937 1008 1651 1436 1006 1367 1461 1202 1131 1319 1672 1309 1330 1388 1583 1013 1841 1212 1165 1606 1743 1806 1228 1507 1323 1445 1980 1608 1248 1340 1012 1350 1376 1345 1212 1713 1924 1157 1527 1512 1491 1846 1710 1780 1448 1790 1475 1313 1703 1393 1609 1869 1625 1686 1691 1001 1153 1653 1300 1823 1553 1208 1752 1879 1179 1369 1378 1321 1265 1154 1204 1138 1003 1221 1223 1050 1656 1805 1780 1863 1956 1748 1470 1335 1076 1691 1646 1639 1620 1953 1905 1620 1262 1968 BCNSPRNW ULIB Ver.6.0+V

เปลี่ยนเป็นภาษาไทย

Change to English
 แสดงรายละเอียดบรรณานุกรม
  กลับหน้าหลัก

Brief Record : Get Marc (ISO 2709) : E-mail record : QR code < ปิดหน้าต่าง
LEADER : 00000nam 2200000uu 4500
001    13399114241
003     ULIB
008    110628s||||||||th 000 0 tha d
020    9786167088693
050  4 BQ9286.4^bม295น
100 0  บาหยัน
245 10 นิทานเซน...ปฏิวัติความคิด พลิกชีวิตให้เจริญ เจริญ/^cบาหยัน
250    พิมพ์ครั้งที่ 1
260    กรุงเทพฯ :^bคลื่นอักษร,^c2553
300    176 หน้า
650  7 นิทานเซน
650  7 นิทานธรรมะ
710 1  คลื่นอักษร
945    ^p135^l0^i031216
995    ทศพร
999 ^a ใช้งานได้ทุกระบบ
รายการนี้ยังไม่มีแท็ก
คุณยังไม่ได้ล็อกอิน คุณสามารถมีกิจกรรมร่วมกับเว็บไซต์ได้ แต่ต้องล็อกอินก่อน ::
  ล็อกอิน

รายการสื่อสารสนเทศ

ลำดับที่ ประเภท เลขเรียก/บาร์โค้ด สถานที่ สถานะ
- ไม่พบข้อมูล -

รายการใกล้เคียง
    หัวเรื่อง [นิทานธรรมะ]

BibComment


ยังไม่เคยถูกคอมเมนท์

คอมเมนท์ทรัพยากรรายการนี้
  คอมเมนท์: นิทานเซนปฏิวัติคว..


 Copyright 2026. Bcnsprnw @Library